Tottenham Hotspur Managers - Statistics

General Stats
  • This quiz has been taken 51 times
  • The average score is 10 of 16
Answer Stats
Year(s) Manager % Correct
November 2021-March 2023 Antonio Conte
88%
2019-2021 Jose Mourinho
88%
2008-2012 Harry Redknapp
79%
June 2021-November 2021 Nuno Espirito Santo
71%
April 2021-June 2021 Ryan Mason
71%
April 2023-June 2023 Ryan Mason
71%
June 2023-Present Ange Postecoglou
67%
2014-2019 Mauricio Pochettino
67%
2012-2013 Andre Villas-Boas
62%
2013-2014 Tim Sherwood
52%
1998-2001 George Graham
50%
2001-2003 Glenn Hoddle
50%
2004-2007 Martin Jol
48%
2007-2008 Juande Ramos
45%
March 2023-April 2023 Cristian Stellini
31%
2003-2004 David Pleat
26%
No matching quizzes found
Score Distribution
Percent of People with Each Score
Percentile by Number Answered
Your Score History
You have not taken this quiz